Bài tập lập trình ngôn ngữ C : Bài tập giải sẵn, đề thi Olympic tin học sinh viên
Sách giới thiệu các khái niệm cơ bản về ngôn ngữ C, hàm và cấu trúc chương trình, các cấu trúc dữ liệu cơ bản. Sách cũng trình bày về kỹ thuật con trỏ trong C, cấp phát bộ nhứ động và danh sách móc nối, đồ họa. Sau cùng là phần bài ta...
Đã lưu trong:
| 主要作者: | |
|---|---|
| 格式: | 圖書 |
| 語言: | Undetermined |
| 出版: |
Hà Nội
Khoa học và Kỹ thuật
2006
|
| 主題: | |
| 標簽: |
添加標簽
沒有標簽, 成為第一個標記此記錄!
|
| Thư viện lưu trữ: | Trung tâm Học liệu Trường Đại học Cần Thơ |
|---|
| LEADER | 01205nam a2200229Ia 4500 | ||
|---|---|---|---|
| 001 | CTU_148868 | ||
| 008 | 210402s9999 xx 000 0 und d | ||
| 020 | |c 78000 | ||
| 082 | |a 005.133 | ||
| 082 | |b S464 | ||
| 100 | |a Hoàng, Trung Sơn | ||
| 245 | 0 | |a Bài tập lập trình ngôn ngữ C : | |
| 245 | 0 | |b Bài tập giải sẵn, đề thi Olympic tin học sinh viên | |
| 245 | 0 | |c Hoàng Trung Sơn | |
| 260 | |a Hà Nội | ||
| 260 | |b Khoa học và Kỹ thuật | ||
| 260 | |c 2006 | ||
| 520 | |a Sách giới thiệu các khái niệm cơ bản về ngôn ngữ C, hàm và cấu trúc chương trình, các cấu trúc dữ liệu cơ bản. Sách cũng trình bày về kỹ thuật con trỏ trong C, cấp phát bộ nhứ động và danh sách móc nối, đồ họa. Sau cùng là phần bài tập tổng hợp để thực hành | ||
| 650 | |a C ( computer program language ),C ( ngôn ngữ chương trình máy tính ) | ||
| 650 | |x Problems, exercises, etc,Vấn đề, bài tập, vv | ||
| 904 | |i Qhieu | ||
| 980 | |a Trung tâm Học liệu Trường Đại học Cần Thơ | ||